000
00237nam a2200097Ia 4500
005
20251222114358.0
008
251222s1900||||xx |||||||||||||| ||spa||
082
_a
DVD0192/D84/2007
245
0
_a
La Divina Comedia: Voces y Ecos:
942
_c
DVD
999
_c
1514
_d
1514